Neighborhoods of Detroit on a Map - Statistics

General Stats
  • This quiz has been taken 31 times
  • The average score is 13 of 101
Answers on the Map
Answers color-coded by a green-red scale on the quiz's map according to % correct below.
 
Answer Stats
Neighborhoods % Correct
Downtown
83%
Midtown
72%
Belle Isle
67%
Corktown
61%
Mexicantown
50%
Brightmoor
39%
Eastern Market
39%
Cass Corridor
28%
Delray
28%
Lafayette Park
28%
The Eye
28%
Bagley
22%
Barton McFarland
22%
Boston Edison
22%
Boynton
22%
Brush Park
22%
Chadsey
22%
Core City
22%
East English Village
22%
Grandmont
22%
Indian Village
22%
North End
22%
Osborn
22%
Palmer Woods
22%
Warrendale
22%
West Village
22%
Woodbridge
22%
Jefferson Chalmers
17%
Krainz Woods
17%
New Center
17%
Old Redford
17%
Regent Park
17%
Rosedale Park
17%
Southwest
17%
Berg-Lahser
11%
Dexter-Linwood
11%
Fitzgerald
11%
Five Points
11%
Grandale
11%
Grixdale
11%
Islandview
11%
Morningside
11%
North Corktown
11%
Oakwood Heights
11%
Petosky-Otsego
11%
Poletown East
11%
Rivertown
11%
Sherwood Forest
11%
State Fair
11%
Arden Park
6%
Aviation Subdivision
6%
Belmont
6%
Davison
6%
Denby
6%
Detroit Golf
6%
Eliza Howell
6%
English Village
6%
Green Acres
6%
Greenfield
6%
LaSalle Gardens
6%
McDougall Hunt
6%
Milwaukee Junction
6%
North Rosedale Park
6%
NW Goldberg
6%
Riverdale
6%
River Rouge
6%
Russell Woods
6%
University District
6%
Balduck Hill
0%
Burbank
0%
Castle Rouge
0%
City Airport
0%
Conant Gardens
0%
Condon
0%
Corktown Shores
0%
Fiskorn
0%
Foch
0%
Gold Coast
0%
Grand Meyer
0%
Grandmont Rosedale
0%
Greenfield-Grand River
0%
Grixdale Farms
0%
Herman Gardens
0%
Hope Village
0%
Hubbard Farms
0%
Jefferson-Mack
0%
Kettering
0%
LaSalle College Park
0%
Littlefield
0%
Marina District
0%
Martin Park
0%
Minock Park
0%
Norham
0%
Nortown
0%
Pembroke
0%
Ravendale
0%
Seven Mile Evergreen
0%
Springwells Village
0%
St. Jean
0%
West Side Industrial
0%
Westwood Park
0%
No matching quizzes found
Score Distribution
Percent of People with Each Score
Percentile by Number Answered
Your Score History
You have not taken this quiz